[Event "Teresina Nordeste Cup"]
[Site "Teresina"]
[Date "2022.07.24"]
[Round "6"]
[White "Damous, Felipe Soares"]
[Black "Rocha, Vitor Firmo de Souz"]
[Result "0-1"]
[WhiteElo "2109"]
[BlackElo "2172"]
[PlyCount "88"]
[EventDate "2022.07.22"]
[EventType "swiss"]
[EventRounds "6"]
[EventCountry "BRA"]
[SourceTitle "CBM 209 Extra"]
[Source "ChessBase"]
[SourceDate "2022.09.30"]
[SourceVersion "1"]
[SourceVersionDate "2022.09.30"]
[SourceQuality "1"]

1. Nf3 Nf6 2. g3 b5 3. Bg2 Bb7 4. 0-0 e6 5. d3 Be7 6. Nbd2 0-0 7. e4 d6 8. b3 c5 9. Bb2 Nc6 10. Qe2 e5 11. a4 a6 12. Rfc1 Qb6 13. Nf1 Rfe8 14. Ne3 g6 15. h3 Bf8 16. Kh2 Bg7 17. Nh4 Nd4 18. Qd1 Rad8 19. c3 Ne6 20. axb5 axb5 21. Nd5 Nxd5 22. exd5 Nc7 23. c4 Ra8 24. Rxa8 Rxa8 25. Ra1 Rxa1 26. Bxa1 Qa5 27. Bf1 Qa2 28. Kg1 Bc8 29. Nf3 b4 30. Nd2 f5 31. Be2 Ne8 32. g4 Bh6 33. Nf1 Nf6 34. f3 Bf4 35. h4 Bd7 36. Kh1 Kf7 37. Kg1 fxg4 38. fxg4 Kg7 39. g5 Ng8 40. Bf3 Ne7 41. Bg2 Nf5 42. h5 Nh4 43. Be4 Bh3 44. Qe1 Nf5 0-1

[Event "Florianopolis op 8th"]
[Site "Florianopolis"]
[Date "2022.01.27"]
[Round "6"]
[White "Nakata, Thifanni Harumi"]
[Black "Damous, Felipe Soares"]
[Result "0-1"]
[WhiteElo "1766"]
[BlackElo "2101"]
[PlyCount "56"]
[EventDate "2022.01.24"]
[EventType "swiss"]
[EventRounds "10"]
[EventCountry "BRA"]
[SourceTitle "CBM 206 Extra"]
[Source "ChessBase"]
[SourceDate "2022.03.31"]
[SourceVersion "1"]
[SourceVersionDate "2022.03.31"]
[SourceQuality "1"]

1. d4 Nf6 2. c4 e6 3. Nc3 Bb4 4. e3 c5 5. a3 Bxc3+ 6. bxc3 d5 7. Nf3 0-0 8. Bd3 Nc6 9. 0-0 Qc7 10. Qc2 b6 11. dxc5 dxc4 12. Bxc4 Na5 13. Bd3 Qxc5 14. a4 Rd8 15. Ba3 Qc7 16. Bb4 Nc6 17. Rfd1 Bb7 18. Nd4 Ne5 19. Bf1 Nfg4 20. h3 Rxd4 21. hxg4 Nxg4 22. g3 Rxb4 23. Qe2 Ne5 24. Bg2 Rg4 25. f4 Rxg3 26. fxe5 Rxg2+ 27. Qxg2 Bxg2 28. Kxg2 Rd8 0-1

[Event "Florianopolis op 8th"]
[Site "Florianopolis"]
[Date "2022.01.25"]
[Round "3"]
[White "Damous, Felipe Soares"]
[Black "Fier, Alexandr"]
[Result "0-1"]
[WhiteElo "2101"]
[BlackElo "2573"]
[PlyCount "72"]
[EventDate "2022.01.24"]
[EventType "swiss"]
[EventRounds "10"]
[EventCountry "BRA"]
[SourceTitle "CBM 206 Extra"]
[Source "ChessBase"]
[SourceDate "2022.03.31"]
[SourceVersion "1"]
[SourceVersionDate "2022.03.31"]
[SourceQuality "1"]

1. Nf3 Nf6 2. g3 g6 3. Bg2 Bg7 4. 0-0 0-0 5. c4 d6 6. Nc3 Nc6 7. Rb1 e5 8. d3 Re8 9. b4 Nd4 10. Nxd4 exd4 11. Nd5 Nd7 12. b5 Nc5 13. Bb2 Bf5 14. a4 a5 15. b6 cxb6 16. Ba3 Ra6 17. Re1 Bd7 18. Bxc5 dxc5 19. Qb3 h5 20. Nxb6 Bc6 21. Nd5 Bh6 22. Rb2 h4 23. Reb1 Kg7 24. Bf3 Qd7 25. Qa3 Qd6 26. Rxb7 Bxb7 27. Rxb7 Rc6 28. Qb3 h3 29. Qb5 Rcc8 30. Rd7 Qe5 31. Qb7 Rf8 32. Nb6 Rb8 33. Qc6 Qg5 34. e3 dxe3 35. fxe3 Qxe3+ 36. Kf1 Rxb6 0-1

[Event "Joao Pessoa Fischer Memorial 10th"]
[Site "Joao Pessoa"]
[Date "2019.03.31"]
[Round "6"]
[White "Floriano, Alisson da Silva"]
[Black "Damous, Felipe Soares"]
[Result "0-1"]
[WhiteElo "1866"]
[BlackElo "2119"]
[PlyCount "84"]
[EventDate "2019.03.29"]
[EventType "swiss"]
[EventRounds "6"]
[EventCountry "BRA"]
[SourceTitle "CBM 190 Extra"]
[Source "ChessBase"]
[SourceDate "2019.07.15"]
[SourceVersion "1"]
[SourceVersionDate "2019.07.15"]
[SourceQuality "1"]

1. d4 Nf6 2. Nf3 e6 3. c3 d5 4. Bf4 Bd6 5. Ne5 0-0 6. e3 c5 7. Nd2 b6 8. Bd3 Ba6 9. Bc2 Qc7 10. h4 Nc6 11. Ndf3 Rac8 12. Rc1 Ne4 13. Nxc6 Qxc6 14. Bxd6 Qxd6 15. Bxe4 dxe4 16. Nd2 cxd4 17. Nxe4 Qe5 18. Qxd4 Qb5 19. c4 Qb4+ 20. Nd2 Rfd8 21. Qc3 Qd6 22. b3 Bb7 23. Rd1 Bxg2 24. Rg1 Qh2 25. Ke2 g6 26. Nf3 Bxf3+ 27. Kxf3 Rxd1 28. Rxd1 Qxh4 29. Rd7 h5 30. Kg2 Qg4+ 31. Kh2 Qf3 32. Qd2 a5 33. Rd8+ Rxd8 34. Qxd8+ Kh7 35. Qxb6 Qxf2+ 36. Kh1 Qf3+ 37. Kh2 h4 38. Qc7 g5 39. Qe5 Kg6 40. c5 g4 41. a3 g3+ 42. Kh3 Qh1+ 0-1

[Event "Joao Pessoa Fischer Memorial 10th"]
[Site "Joao Pessoa"]
[Date "2019.03.29"]
[Round "1"]
[White "Damous, Felipe Soares"]
[Black "De Souza, Paulo H Pinheiro"]
[Result "1-0"]
[WhiteElo "2119"]
[BlackElo "1630"]
[PlyCount "91"]
[EventDate "2019.03.29"]
[EventType "swiss"]
[EventRounds "6"]
[EventCountry "BRA"]
[SourceTitle "CBM 190 Extra"]
[Source "ChessBase"]
[SourceDate "2019.07.15"]
[SourceVersion "1"]
[SourceVersionDate "2019.07.15"]
[SourceQuality "1"]

1. d4 Nf6 2. c4 e6 3. Nc3 Bb4 4. e3 0-0 5. Nge2 b6 6. a3 Bxc3+ 7. Nxc3 Bb7 8. Bd3 d5 9. cxd5 Nxd5 10. e4 Nxc3 11. bxc3 Qh4 12. Qe2 Nd7 13. 0-0 c5 14. f3 Rac8 15. Be3 cxd4 16. cxd4 Rc3 17. Qd2 Rfc8 18. Rfc1 Rxc1+ 19. Rxc1 Rxc1+ 20. Qxc1 Qd8 21. Qc3 Qc8 22. Bd2 Nb8 23. Qxc8+ Bxc8 24. Kf2 Kf8 25. Ke3 Na6 26. Bc3 Nc7 27. Kf4 Bd7 28. h4 Bb5 29. Bc2 Bc4 30. g4 Nb5 31. Bb2 Nc7 32. g5 a5 33. h5 b5 34. Bc3 a4 35. Bb4+ Ke8 36. h6 g6 37. Ke5 Kd7 38. Kf6 Ne8+ 39. Kxf7 e5+ 40. d5 Nc7 41. Kg7 Kc8 42. Bd6 Na6 43. Bxe5 Bb3 44. Bd3 Bc4 45. Bxc4 bxc4 46. Bc3 1-0

[Event "Maranhao LMX op final 28th"]
[Site "Santa Luzia"]
[Date "2018.11.18"]
[Round "8"]
[White "Damous, Felipe Soares"]
[Black "Lobo, Pedro Aluizio de Ab"]
[Result "1-0"]
[WhiteElo "2121"]
[BlackElo "1555"]
[PlyCount "45"]
[EventDate "2018.11.14"]
[EventType "tourn"]
[EventRounds "9"]
[EventCountry "BRA"]
[SourceTitle "EXT 2022"]
[Source "ChessBase"]
[SourceDate "2021.10.06"]
[SourceVersion "1"]
[SourceVersionDate "2021.10.06"]
[SourceQuality "1"]

1. d4 Nf6 2. c4 e6 3. Nc3 d5 4. cxd5 exd5 5. Bg5 Be7 6. Qc2 h6 7. Bh4 0-0 8. e3 b6 9. Bd3 Ba6 10. Bf5 Nbd7 11. Nf3 Rc8 12. 0-0-0 c5 13. Qa4 b5 14. Qxa6 cxd4 15. Nxd4 b4 16. Nc6 Rxc6 17. Qxc6 bxc3 18. Bxf6 cxb2+ 19. Bxb2 Nb8 20. Qxd5 Qc7+ 21. Bc2 Qb6 22. Qb3 Qa5 23. Rd5 1-0

[Event "Maranhao LMX op final 28th"]
[Site "Santa Luzia"]
[Date "2018.11.18"]
[Round "9"]
[White "Marques, Wedelsom dos Santos"]
[Black "Damous, Felipe Soares"]
[Result "1/2-1/2"]
[WhiteElo "1768"]
[BlackElo "2121"]
[PlyCount "65"]
[EventDate "2018.11.14"]
[EventType "tourn"]
[EventRounds "9"]
[EventCountry "BRA"]
[SourceTitle "EXT 2022"]
[Source "ChessBase"]
[SourceDate "2021.10.06"]
[SourceVersion "1"]
[SourceVersionDate "2021.10.06"]
[SourceQuality "1"]

1. Nf3 Nf6 2. c4 g6 3. Nc3 c5 4. e4 d6 5. d4 cxd4 6. Nxd4 Nc6 7. Be2 Bg7 8. Be3 0-0 9. 0-0 Bd7 10. f3 a6 11. Rb1 Rc8 12. Qd2 Ne5 13. b3 Re8 14. a4 Qa5 15. Rfc1 h5 16. Bd3 Nc6 17. b4 Nxb4 18. Nd5 Nfxd5 19. exd5 Bxd4 20. Bxd4 Nc6 21. Bc3 Qc5+ 22. Kh1 Ne5 23. Bxe5 dxe5 24. Rxb7 Red8 25. Qg5 Qd6 26. Rcb1 Qf6 27. Qxf6 exf6 28. R1b6 f5 29. g3 Bxa4 30. Rxa6 Bd1 31. Kg2 e4 32. fxe4 fxe4 33. Bxe4 1/2-1/2

[Event "Maranhao LMX op final 28th"]
[Site "Santa Luzia"]
[Date "2018.11.16"]
[Round "5"]
[White "Sousa, Antonielson do Vale"]
[Black "Damous, Felipe Soares"]
[Result "0-1"]
[WhiteElo "1829"]
[BlackElo "2121"]
[PlyCount "94"]
[EventDate "2018.11.14"]
[EventType "tourn"]
[EventRounds "9"]
[EventCountry "BRA"]
[SourceTitle "EXT 2022"]
[Source "ChessBase"]
[SourceDate "2021.10.06"]
[SourceVersion "1"]
[SourceVersionDate "2021.10.06"]
[SourceQuality "1"]

1. e4 c5 2. c3 d5 3. exd5 Qxd5 4. d4 Nf6 5. Nf3 Bg4 6. Be2 e6 7. 0-0 cxd4 8. cxd4 Be7 9. Nc3 Qd8 10. Qa4+ Nc6 11. Ne5 Bxe2 12. Nxc6 Qd7 13. Nxe2 bxc6 14. Bf4 0-0 15. Rac1 Rac8 16. Nc3 Rfd8 17. Rfd1 Qb7 18. h3 h6 19. Qc2 Nd5 20. Nxd5 cxd5 21. Qb3 Qxb3 22. axb3 Bf6 23. Be3 Rxc1 24. Rxc1 Rb8 25. Rc3 Rb4 26. Rd3 Kf8 27. Kf1 Ke7 28. Ke2 Kd6 29. f4 Bd8 30. Bd2 Rb5 31. Kf3 Bb6 32. Be3 Rb4 33. Ke2 f6 34. Kd2 e5 35. fxe5+ fxe5 36. Kc3 exd4+ 37. Bxd4 Rxd4 38. Rxd4 Bxd4+ 39. Kxd4 Ke6 40. g4 g5 41. Kd3 Ke5 42. Ke3 d4+ 43. Kd2 Ke4 44. Ke2 d3+ 45. Kd1 Ke3 46. b4 d2 47. b5 Kd3 0-1

[Event "Florianopolis op 4th"]
[Site "Florianopolis"]
[Date "2018.01.20"]
[Round "3"]
[White "Damous, Felipe Soares"]
[Black "Dos Reis, Leandro Aparecido C"]
[Result "1/2-1/2"]
[WhiteElo "2164"]
[BlackElo "2004"]
[PlyCount "80"]
[EventDate "2018.01.19"]
[EventType "swiss"]
[EventRounds "10"]
[EventCountry "BRA"]
[SourceTitle "EXT 2019"]
[Source "ChessBase"]
[SourceDate "2018.10.10"]
[SourceVersion "1"]
[SourceVersionDate "2018.10.10"]
[SourceQuality "1"]

1. d4 d5 2. c4 c6 3. Nf3 Nf6 4. Nc3 e6 5. e3 Nbd7 6. Qc2 Bd6 7. Be2 a6 8. 0-0 0-0 9. b3 b5 10. Bd2 Bb7 11. Rfd1 Qe7 12. e4 e5 13. dxe5 Nxe5 14. exd5 bxc4 15. bxc4 cxd5 16. cxd5 Nxd5 17. Ne4 Nf4 18. Bxf4 Nxf3+ 19. Bxf3 Bxf4 20. Qa4 Rfe8 21. Nf6+ Qxf6 22. Bxb7 Rad8 23. Re1 Re6 24. g3 Be5 25. Rad1 Rb8 26. Bd5 Rb2 27. f4 Bd4+ 28. Kh1 Rxe1+ 29. Rxe1 Bc5 30. Re8+ Bf8 31. Qa3 Rb1+ 32. Kg2 Qb2+ 33. Qxb2 Rxb2+ 34. Kh3 a5 35. Ra8 Rb5 36. Bb3 g6 37. Ra7 Rf5 38. Kg4 Bb4 39. Kf3 h5 40. h3 Bd2 1/2-1/2

[Event "Maranhao LMX op final 23rd"]
[Site "Sao Luis"]
[Date "2017.12.02"]
[Round "3.1"]
[White "Damous, Felipe Soares"]
[Black "Luz, Edmundo Reis"]
[Result "1-0"]
[WhiteElo "2150"]
[BlackElo "2057"]
[PlyCount "37"]
[EventDate "2017.12.01"]
[EventType "swiss"]
[EventRounds "5"]
[EventCountry "BRA"]
[SourceTitle "EXT 2019"]
[Source "ChessBase"]
[SourceDate "2018.10.10"]
[SourceVersion "1"]
[SourceVersionDate "2018.10.10"]
[SourceQuality "1"]

1. d4 Nf6 2. c4 e6 3. Nc3 Bb4 4. e3 0-0 5. Bd3 c5 6. Nf3 d5 7. 0-0 Nc6 8. a3 Ba5 9. cxd5 exd5 10. dxc5 Bxc3 11. bxc3 Qa5 12. Qc2 Qxc5 13. a4 Re8 14. Ba3 Qa5 15. Rfc1 Bg4 16. Nd2 Ne4 17. Bb5 Bd7 18. Nb3 Qc7 19. Nd4 1-0

[Event "Maranhense-ch"]
[Site "Sao Luis"]
[Date "2017.09.10"]
[Round "6"]
[White "Damous, Felipe Soares"]
[Black "Leitao, Nicolau Daulibe"]
[Result "1/2-1/2"]
[WhiteElo "2143"]
[BlackElo "2114"]
[PlyCount "23"]
[EventDate "2017.09.07"]
[EventType "tourn"]
[EventRounds "7"]
[EventCountry "BRA"]
[SourceTitle "CBM 180 Extra"]
[Source "ChessBase"]
[SourceDate "2017.10.06"]
[SourceVersion "1"]
[SourceVersionDate "2017.10.06"]
[SourceQuality "1"]

1. d4 Nf6 2. c4 e6 3. Nf3 b6 4. g3 Bb7 5. Bg2 Be7 6. 0-0 0-0 7. Nc3 d5 8. Ne5 Na6 9. b3 c5 10. e3 Qc8 11. dxc5 Bxc5 12. cxd5 1/2-1/2

[Event "Maranhense-ch"]
[Site "Sao Luis"]
[Date "2017.09.08"]
[Round "2"]
[White "Damous, Felipe Soares"]
[Black "Luz, Edmundo Reis"]
[Result "1-0"]
[WhiteElo "2143"]
[BlackElo "2093"]
[PlyCount "65"]
[EventDate "2017.09.07"]
[EventType "tourn"]
[EventRounds "7"]
[EventCountry "BRA"]
[SourceTitle "CBM 180 Extra"]
[Source "ChessBase"]
[SourceDate "2017.10.06"]
[SourceVersion "1"]
[SourceVersionDate "2017.10.06"]
[SourceQuality "1"]

1. d4 Nf6 2. c4 c5 3. d5 b5 4. cxb5 a6 5. bxa6 Bxa6 6. Nc3 d6 7. Nf3 g6 8. e4 Bxf1 9. Kxf1 Bg7 10. g3 0-0 11. Kg2 Qa5 12. a4 Na6 13. Qe2 Nb4 14. Bd2 Rfb8 15. Nb5 Nd7 16. Bc3 Bxc3 17. bxc3 Na6 18. e5 Nb6 19. exd6 exd6 20. Nxd6 Nxd5 21. Qc4 Nac7 22. Rhc1 Rb2 23. Kg1 Rd8 24. Ne4 Ne6 25. Rd1 Ne7 26. Neg5 Rb6 27. Nxe6 Rxd1+ 28. Rxd1 fxe6 29. Rd8+ Kg7 30. Rd7 Kf8 31. Qh4 Rb1+ 32. Kg2 Nd5 33. Qxh7 1-0

[Event "Belem op 2nd"]
[Site "Belem"]
[Date "2017.07.08"]
[Round "4"]
[White "Damous, Felipe Soares"]
[Black "Cavalheiro, Alvancir Elves"]
[Result "1-0"]
[WhiteElo "2141"]
[BlackElo "1828"]
[PlyCount "87"]
[EventDate "2017.07.07"]
[EventType "swiss"]
[EventRounds "6"]
[EventCountry "BRA"]
[SourceTitle "EXT 2018"]
[Source "ChessBase"]
[SourceDate "2017.10.13"]
[SourceVersion "1"]
[SourceVersionDate "2017.10.13"]
[SourceQuality "1"]

1. d4 Nf6 2. c4 g6 3. Nc3 Bg7 4. e4 d6 5. Nf3 0-0 6. h3 Nbd7 7. Be2 c5 8. d5 a6 9. Be3 Qa5 10. Nd2 Rb8 11. a4 Re8 12. g4 Nf8 13. g5 N6d7 14. Qc2 e5 15. h4 Qd8 16. Nf3 Qa5 17. Bd2 Qd8 18. Nh2 Nb6 19. a5 Na8 20. Ng4 b6 21. h5 Bxg4 22. Bxg4 bxa5 23. hxg6 fxg6 24. Qd3 Rxb2 25. Na4 Rb7 26. Qh3 Bh8 27. Ke2 Ree7 28. Bc8 Ra7 29. Rhb1 Qc7 30. Ra3 Re8 31. Bg4 Rb7 32. Rxb7 Qxb7 33. Bxa5 Qb1 34. Qd3 Qc1 35. Bd2 Qg1 36. Qf3 Re7 37. Rb3 Rf7 38. Qg3 Qa1 39. Nc3 Nc7 40. Rb6 Qa5 41. Rxd6 Qb4 42. Qd3 Qa3 43. Rd8 Qa5 44. Be6 1-0

[Event "Belem op 2nd"]
[Site "Belem"]
[Date "2017.07.08"]
[Round "3"]
[White "Rodi, Luis Ernesto"]
[Black "Damous, Felipe Soares"]
[Result "1-0"]
[WhiteElo "2304"]
[BlackElo "2141"]
[PlyCount "59"]
[EventDate "2017.07.07"]
[EventType "swiss"]
[EventRounds "6"]
[EventCountry "BRA"]
[SourceTitle "EXT 2018"]
[Source "ChessBase"]
[SourceDate "2017.10.13"]
[SourceVersion "1"]
[SourceVersionDate "2017.10.13"]
[SourceQuality "1"]

1. d4 Nf6 2. Bg5 e6 3. e4 h6 4. Bxf6 Qxf6 5. c3 b6 6. Bd3 Bb7 7. Nd2 Qe7 8. Ne2 d6 9. 0-0 g6 10. f4 Bg7 11. e5 Nd7 12. Be4 d5 13. Bd3 0-0 14. Nf3 c5 15. g4 cxd4 16. cxd4 Rfc8 17. Ng3 Qb4 18. Qe2 a5 19. a3 Qe7 20. f5 exf5 21. gxf5 f6 22. fxg6 fxe5 23. Nf5 Qf6 24. dxe5 Nxe5 25. Nxe5 Qxe5 26. Ne7+ Kh8 27. Qxe5 Bxe5 28. Rf7 Bd4+ 29. Kg2 Bg7 30. Nf5 1-0

[Event "Belem op 2nd"]
[Site "Belem"]
[Date "2017.07.07"]
[Round "2"]
[White "Damous, Felipe Soares"]
[Black "Pessoa, Andre Joaquim De Pi"]
[Result "1-0"]
[WhiteElo "2141"]
[BlackElo "1875"]
[PlyCount "79"]
[EventDate "2017.07.07"]
[EventType "swiss"]
[EventRounds "6"]
[EventCountry "BRA"]
[SourceTitle "EXT 2018"]
[Source "ChessBase"]
[SourceDate "2017.10.13"]
[SourceVersion "1"]
[SourceVersionDate "2017.10.13"]
[SourceQuality "1"]

1. d4 Nf6 2. c4 d6 3. Nf3 g6 4. Nc3 Bg7 5. e4 Bg4 6. Be2 c6 7. h3 Bd7 8. Be3 Qa5 9. Qd2 Qc7 10. e5 Ng8 11. Bf4 Na6 12. exd6 exd6 13. Ne4 Bf8 14. c5 Qd8 15. Nxd6+ Bxd6 16. Bxd6 Nc7 17. 0-0-0 Nf6 18. Rhe1 Ncd5 19. Bc4+ Be6 20. Ng5 Qd7 21. Bxd5 Nxd5 22. Nxe6 fxe6 23. Qg5 Qf7 24. f4 Kd7 25. Rd2 Rae8 26. Qg3 h6 27. b4 a6 28. Qb3 Nxf4 29. a4 Rh7 30. b5 e5 31. bxc6+ Kc8 32. d5 e4 33. cxb7+ Qxb7 34. Qxb7+ Rxb7 35. Bxf4 g5 36. c6 Rb4 37. d6 gxf4 38. d7+ Kd8 39. dxe8Q+ Kxe8 40. c7 1-0

[Event "Sao Luis Maranhense Cup 11th"]
[Site "Sao Luis"]
[Date "2017.03.26"]
[Round "4"]
[White "Damous, Felipe Soares"]
[Black "Leitao, Nicolau Daulibe"]
[Result "1/2-1/2"]
[WhiteElo "2124"]
[BlackElo "2114"]
[PlyCount "26"]
[EventDate "2017.03.24"]
[EventType "swiss"]
[EventRounds "5"]
[EventCountry "BRA"]
[SourceTitle "CBM 177 Extra"]
[Source "ChessBase"]
[SourceDate "2017.04.27"]
[SourceVersion "1"]
[SourceVersionDate "2017.04.27"]
[SourceQuality "1"]

1. d4 Nf6 2. c4 e6 3. Nf3 b6 4. g3 Ba6 5. Qa4 Bb7 6. Bg2 c5 7. 0-0 cxd4 8. Nxd4 Bxg2 9. Kxg2 Qc8 10. Nc3 Qb7+ 11. Kg1 Nc6 12. Nxc6 Qxc6 13. Qxc6 dxc6 1/2-1/2

[Event "Sao Luis Maranhense Cup 11th"]
[Site "Sao Luis"]
[Date "2017.03.25"]
[Round "2"]
[White "Damous, Felipe Soares"]
[Black "Barros Jr, Wilson De Jesus"]
[Result "1/2-1/2"]
[WhiteElo "2124"]
[BlackElo "1832"]
[PlyCount "38"]
[EventDate "2017.03.24"]
[EventType "swiss"]
[EventRounds "5"]
[EventCountry "BRA"]
[SourceTitle "CBM 177 Extra"]
[Source "ChessBase"]
[SourceDate "2017.04.27"]
[SourceVersion "1"]
[SourceVersionDate "2017.04.27"]
[SourceQuality "1"]

1. d4 Nf6 2. c4 e6 3. Nf3 b6 4. g3 Ba6 5. Qa4 c5 6. Bg2 Bb7 7. 0-0 cxd4 8. Nxd4 Bxg2 9. Kxg2 Qc8 10. Nc3 Qb7+ 11. Kg1 Nc6 12. Nxc6 dxc6 13. Bf4 Nd7 14. Rad1 e5 15. Be3 Be7 16. Rd2 0-0 17. Rfd1 Nf6 18. Qc2 Rad8 19. Qf5 Qc7 1/2-1/2

[Event "Sao Luis Maranhense Cup 11th"]
[Site "Sao Luis"]
[Date "2017.03.24"]
[Round "1"]
[White "Silva Filho, Dombosco Lima"]
[Black "Damous, Felipe Soares"]
[Result "0-1"]
[WhiteElo "1657"]
[BlackElo "2124"]
[PlyCount "39"]
[EventDate "2017.03.24"]
[EventType "swiss"]
[EventRounds "5"]
[EventCountry "BRA"]
[SourceTitle "CBM 177 Extra"]
[Source "ChessBase"]
[SourceDate "2017.04.27"]
[SourceVersion "1"]
[SourceVersionDate "2017.04.27"]
[SourceQuality "1"]

1. d4 Nf6 2. Nf3 g6 3. c4 Bg7 4. Nc3 0-0 5. e4 d6 6. Be2 e5 7. dxe5 dxe5 8. Qxd8 Rxd8 9. Nxe5 Nxe4 10. Nxf7 Bxc3+ 11. bxc3 Kxf7 12. Bb2 Be6 13. f3 Nc5 14. Rd1 Rxd1+ 15. Kxd1 Nc6 16. Ba3 Rd8+ 17. Ke1 Nd3+ 18. Bxd3 Rxd3 19. Bb2 Bxc4 20. a4 0-1

[Event "Maranhense-ch"]
[Site "Sao Luis"]
[Date "2016.01.16"]
[Round "3"]
[White "Mello Sales, Caio de"]
[Black "Damous, Felipe Soares"]
[Result "0-1"]
[WhiteElo "1914"]
[BlackElo "2112"]
[PlyCount "64"]
[EventDate "2016.01.15"]
[EventType "swiss"]
[EventRounds "6"]
[EventCountry "BRA"]
[SourceTitle "CBM 170 Extra"]
[Source "ChessBase"]
[SourceDate "2016.02.25"]
[SourceVersion "1"]
[SourceVersionDate "2016.02.25"]
[SourceQuality "1"]

1. e4 g6 2. Bc4 Bg7 3. d3 d6 4. f4 Nf6 5. Nc3 c6 6. Bb3 0-0 7. Nf3 Nbd7 8. 0-0 b5 9. Qe1 a5 10. a3 Nc5 11. e5 dxe5 12. fxe5 Ng4 13. d4 Nxb3 14. cxb3 Be6 15. Qh4 h5 16. h3 Nh6 17. Bxh6 Bxh6 18. g4 hxg4 19. hxg4 Be3+ 20. Kg2 Kg7 21. Rh1 Rh8 22. Qg3 Qd7 23. Ne4 Bd5 24. Nf6 Bxf3+ 25. Kxf3 Qxd4 26. Rad1 Rxh1 27. Rxd4 Bxd4 28. Nh5+ Kg8 29. e6 fxe6 30. Nf4 Rf1+ 31. Ke4 Bf2 32. Qd3 Re1+ 0-1

[Event "Barreirinhas Athenas op"]
[Site "Barreirinhas"]
[Date "2015.10.17"]
[Round "4"]
[White "Barbosa, Bruno Master Montei"]
[Black "Damous, Felipe Soares"]
[Result "0-1"]
[WhiteElo "1653"]
[BlackElo "2100"]
[PlyCount "54"]
[EventDate "2015.10.16"]
[EventType "swiss"]
[EventRounds "6"]
[EventCountry "BRA"]
[SourceTitle "CBM 168 Extra"]
[Source "ChessBase"]
[SourceDate "2015.10.29"]
[SourceVersion "1"]
[SourceVersionDate "2015.10.29"]
[SourceQuality "1"]

1. d4 Nf6 2. c4 c5 3. g3 cxd4 4. Qxd4 Nc6 5. Qd1 e6 6. Bg2 Bc5 7. Nf3 Qb6 8. 0-0 Ne4 9. e3 f5 10. a3 a5 11. Nfd2 Nxd2 12. Bxd2 Ne5 13. Qc2 d6 14. b3 Bd7 15. Nc3 0-0 16. Rfb1 Bc6 17. Na4 Qc7 18. Nxc5 dxc5 19. e4 fxe4 20. Bf4 Rxf4 21. gxf4 Nd3 22. Qe2 Nxf4 23. Qe3 Rf8 24. Re1 Nxg2 25. Kxg2 Rf3 26. Qd2 e3 27. fxe3 Rf2+ 0-1